000 00770nab a2200241 u 4500
001 09923
003 HDC
007 cr bn ---aaaaa
008 210203c20100303my dr|nes 0 a may d
040 _aHDC
245 0 _aMYF2010 disasar hasil potensi dagangan RM100j
260 _aKuala Lumpur :
_bNew Straits Times Press (M) Bhd.,
_c2010
336 _atext
_2rdacontent
337 _acomputer
_2rdamedia
338 _aonline resource
_2rdacarrier
650 _aBusiness
_9207
650 _aTrade
_94755
710 _aBerita Harian
856 _zRequest full-text at [email protected]
942 _2lcc
942 _cNEWS
942 _kNWSC 001050
999 _c7246
_d7246